| 000 | 01186nam0a2200301 4500 | ||
|---|---|---|---|
| 001 | RU\NLR\BIBL_A\016302961 | ||
| 005 | 20250625032951.0 | ||
| 010 | _950 | ||
| 035 | _a(NLR Aleph) 016302961 | ||
| 090 |
_a13314251 _c13314251 |
||
| 100 | _a20230303d1966 |||y0rusy50 ca | ||
| 101 | 0 | _akir | |
| 102 | _aKG | ||
| 105 | _ay z 001yy | ||
| 181 | 0 |
_ai _baxxe |
|
| 182 | 0 | _an | |
| 200 | 1 |
_aКыргыз тилиндеги неологизмдер _e(лексика-семантикалык жана грамматикалык жолдор менен жасалышы) _fЖумаш Мамытов |
|
| 203 |
_aТекст _bвизуальный _cнепосредственный |
||
| 210 |
_aФрунзе _cМектеп _d1966 |
||
| 215 |
_a61,[2] c. _d20 |
||
| 320 | _aБиблиогр. в подстроч. примеч. | ||
| 541 | 1 |
_aНеологизмы в киргизском языке _e[лексико-семантические и грамматические правила] _zrus |
|
| 686 | 1 | _aШ163.25-3 | |
| 700 | 1 |
_aМамытов _bЖ. _cфилолог _f1935-2011 _gЖумаш _4070 |
|
| 852 |
_aNLR _bОНЛ _jКирг./2-4378 |
||
| 942 | _cBOOK | ||
| 980 | _aNB | ||